| 000 | 01111nam a2200253 a 4500 | ||
|---|---|---|---|
| 001 | BRCA_7121 | ||
| 005 | 20190320205723.0 | ||
| 008 | 020911s1922----enka######---#000-0#eng-# | ||
| 041 | _aeng | ||
| 044 | _aenk | ||
| 050 | 4 |
_aZ1029 _b.B53 2 1922 |
|
| 245 | 1 | 0 | _aBibliotheca Nautica y Bibliotheca Americana et Philippina. |
| 260 |
_aLondres _bMaggs Bros _c1922-1933 |
||
| 300 |
_a4 v. _bil. (algunas a color) _c25 cm. |
||
| 500 | _aIncluye índices de autores y títulos | ||
| 500 | _a2 títulos diferentes inventariados por Banco de México como uno mismo. | ||
| 500 | _aContinuación de la publicación Bibliotheca Americana Philipina con el título: Bibliotheca Americana. | ||
| 500 | _aVer también CEF75 | ||
| 500 | _aO155 | ||
| 505 | 0 | _aContenido: v.1. Bibliotheca Nautica, part I, No. 508, 1928 ; part II, No. 534, 1930 ; part III, No. 585, 1933. -- v.2. Bibliotheca Americana, part V, No. 479, 1926. -- v.3. Bibliotheca Americana, part VII, No. 502, 1928. -- v.4. Bibliotheca Americana part IX, No. 549, 1930. | |
| 650 | 1 | 4 |
_aLibros antiguos _vCatálogos _915985 |
| 902 | _aGFM | ||
| 942 |
_2lcc _cB |
||
| 999 |
_c6802 _d6802 |
||